|
|
|
|
| LEADER |
00880nab a2200229 i 4500 |
| 001 |
misc64444 |
| 005 |
20231016092453.0 |
| 008 |
230622s1970 hu o 0|| hun d |
| 040 |
|
|
|a SZTE Miscellanea Repozitórium
|b hun
|
| 041 |
|
|
|a hun
|
| 100 |
2 |
|
|a Róna-Tas András
|
| 245 |
1 |
0 |
|a V. G. Jegorov 90 éves
|h [elektronikus dokumentum] /
|c Róna-Tas András
|
| 260 |
|
|
|c 1970
|
| 300 |
|
|
|a 217-218
|c 23 cm
|
| 300 |
|
|
|a [2] p.
|c 23 cm
|
| 490 |
0 |
|
|a Nyelvtudományi közlemények : a Magyar Tudományos Akadémia Nyelvtudományi Intézetének folyóirata
|
| 561 |
|
|
|a Németh Gyula hagyaték
|
| 591 |
|
|
|a NOA 5037
|
| 650 |
|
4 |
|a Bölcsészettudományok
|
| 650 |
|
4 |
|a Nyelvek és irodalom
|
| 695 |
|
|
|a Vasilij Georgievič Egorov, Csuvas nyelv - 19-20. sz. - életmű - életrajz, Keletkutatás
|
| 856 |
4 |
0 |
|u http://misc.bibl.u-szeged.hu/64444/1/5037_noa.pdf
|z Dokumentum-elérés
|